<?xml version="1.0" encoding="UTF-8"?>
<record
    xmlns:xsi="http://www.w3.org/2001/XMLSchema-instance"
    xsi:schemaLocation="http://www.loc.gov/MARC21/slim http://www.loc.gov/standards/marcxml/schema/MARC21slim.xsd"
    xmlns="http://www.loc.gov/MARC21/slim">

  <leader>01616nam a22003497a 4500</leader>
  <controlfield tag="003">OSt</controlfield>
  <controlfield tag="005">20210823155906.0</controlfield>
  <controlfield tag="008">130821s2011    mx a   gr           spa  </controlfield>
  <datafield tag="020" ind1=" " ind2=" ">
    <subfield code="a">9786074814699</subfield>
  </datafield>
  <datafield tag="040" ind1=" " ind2=" ">
    <subfield code="a">CO-BoUCM</subfield>
    <subfield code="c">CO-JMCR</subfield>
  </datafield>
  <datafield tag="041" ind1="0" ind2="0">
    <subfield code="a">spa</subfield>
  </datafield>
  <datafield tag="082" ind1="0" ind2="4">
    <subfield code="a">338.5 / </subfield>
    <subfield code="b">N624m</subfield>
    <subfield code="2">23</subfield>
  </datafield>
  <datafield tag="100" ind1="1" ind2=" ">
    <subfield code="a">Nicholson, Walter E.</subfield>
    <subfield code="e">autor </subfield>
    <subfield code="9">41733</subfield>
  </datafield>
  <datafield tag="245" ind1="1" ind2="0">
    <subfield code="a">Microeconoma&#x315; Intermedia y sus aplicaciones</subfield>
    <subfield code="c">Walter Nicholson, Christopher Snyder ; traducci&#xF3;n, Mar&#xED;a del Pilar Carril Villarreal, Magda Elizabeth Trevi&#x1EB; Rosales</subfield>
  </datafield>
  <datafield tag="250" ind1=" " ind2=" ">
    <subfield code="a">11a edici&#xF3;n.</subfield>
  </datafield>
  <datafield tag="260" ind1=" " ind2=" ">
    <subfield code="a">M&#xE9;xico : </subfield>
    <subfield code="b">Cengage Learning, </subfield>
    <subfield code="c">2011.</subfield>
  </datafield>
  <datafield tag="300" ind1=" " ind2=" ">
    <subfield code="a">xxxii, 653 p&#xE1;ginas</subfield>
    <subfield code="b">ilustraciones y graficas en blanco y negro ; </subfield>
    <subfield code="c">27 cm.</subfield>
  </datafield>
  <datafield tag="490" ind1="0" ind2=" ">
    <subfield code="a">Global Economic Watch</subfield>
  </datafield>
  <datafield tag="505" ind1="0" ind2=" ">
    <subfield code="a">Demanda. -- Incertidumbre y estrategia. -- Producci&#xF3;n, costos y oferta. -- Competencia perfecto. -- El poder del mercado. -- mercados de insumos. -- Fallas de mercado.</subfield>
  </datafield>
  <datafield tag="520" ind1="0" ind2=" ">
    <subfield code="a">En esta edici&#xF3;n de agrega una amplia variedad de material. El libro mantiene su prop&#xF3;sito de siempre de suministrar un estudio claro y conciso de la microeconom&#xED;a intermedia.</subfield>
  </datafield>
  <datafield tag="650" ind1="1" ind2="4">
    <subfield code="a">Demanda</subfield>
    <subfield code="x">(Teor&#xED;a econ&#xF3;mica)</subfield>
    <subfield code="9">41734</subfield>
  </datafield>
  <datafield tag="650" ind1="2" ind2="4">
    <subfield code="a">Econom&#xED;a de mercado</subfield>
    <subfield code="9">13678</subfield>
  </datafield>
  <datafield tag="650" ind1="2" ind2="4">
    <subfield code="a">Equilibrio</subfield>
    <subfield code="x">(Economa&#x315;)</subfield>
    <subfield code="9">41735</subfield>
  </datafield>
  <datafield tag="650" ind1="2" ind2="4">
    <subfield code="a">Microeconom&#xED;a</subfield>
    <subfield code="9">19488</subfield>
  </datafield>
  <datafield tag="650" ind1="2" ind2="4">
    <subfield code="a">Oferta y demanda</subfield>
    <subfield code="9">20709</subfield>
  </datafield>
  <datafield tag="650" ind1="2" ind2="4">
    <subfield code="a">Teor&#xED;a de los juegos</subfield>
    <subfield code="9">25291</subfield>
  </datafield>
  <datafield tag="690" ind1=" " ind2=" ">
    <subfield code="a">Microeconoma&#x315;</subfield>
    <subfield code="9">39555</subfield>
  </datafield>
  <datafield tag="700" ind1="1" ind2=" ">
    <subfield code="a">Carril Villareal, Mar&#xED;a del Pilar</subfield>
    <subfield code="e">traductora</subfield>
    <subfield code="9">41738</subfield>
  </datafield>
  <datafield tag="700" ind1="1" ind2=" ">
    <subfield code="a">Snyder, Christopher</subfield>
    <subfield code="9">41737</subfield>
    <subfield code="e">autor</subfield>
  </datafield>
  <datafield tag="700" ind1="1" ind2=" ">
    <subfield code="a">Trevi&#xF1;o Rosales, Magda Elizabeth</subfield>
    <subfield code="e">traductor</subfield>
    <subfield code="9">35668</subfield>
  </datafield>
  <datafield tag="942" ind1=" " ind2=" ">
    <subfield code="c">BK</subfield>
    <subfield code="2">ddc</subfield>
  </datafield>
  <datafield tag="999" ind1=" " ind2=" ">
    <subfield code="c">12250</subfield>
    <subfield code="d">12250</subfield>
  </datafield>
  <datafield tag="952" ind1=" " ind2=" ">
    <subfield code="0">0</subfield>
    <subfield code="1">0</subfield>
    <subfield code="2">ddc</subfield>
    <subfield code="4">0</subfield>
    <subfield code="7">0</subfield>
    <subfield code="a">CPL</subfield>
    <subfield code="b">CPL</subfield>
    <subfield code="c">GEN</subfield>
    <subfield code="d">2018-04-15</subfield>
    <subfield code="e">Donaci&#xF3;n</subfield>
    <subfield code="o">338.5 /  N624m</subfield>
    <subfield code="p">430005065</subfield>
    <subfield code="r">2024-05-16 00:00:00</subfield>
    <subfield code="t">Ej.1</subfield>
    <subfield code="w">2021-03-10</subfield>
    <subfield code="y">BK</subfield>
  </datafield>
</record>
